El deterioro del ambiente en la Argentina : suelo, agua, vegetación, fauna /

El principal componente de la economía argentina, el sector agropecuario y forestal, descansa sobre la estabilidad de los recursos naturales renovables, ordenados en un equilibrio armónico. Cuando la acción del hombre se traduce en uso irracional y abuso de estos recursos, el equilibrio natural se a...

Descripción completa

Detalles Bibliográficos
Otros Autores: Ruggiero, Roberto A., Conti, Hugo A., Panigatti, José Luis, Irurtia, Carlos B., Berón, Ricardo, Costamagna, Oscar, Glave, Adolfo
Formato: Libro
Lenguaje:Espa�ol
Publicado: Buenos Aires : Fecic, 1988.
Materias:
Etiquetas: Agregar Etiqueta
Sin Etiquetas, Sea el primero en etiquetar este registro!

MARC

LEADER 00000nam a22000004a 4500
001 AR-BbUGT58468
003 AR-BbUGT
005 20251117114629.0
007 ta
008 251117t1988 ag aob bt 001 0 spa d
020 |a 9509149276 
040 |a AR-BbUGT  |b spa  |c AR-BbUGT  |e aacr2 
041 0 |a spa  |b spa 
082 |2 21  |a 333.730982 
245 1 0 |a El deterioro del ambiente en la Argentina :   |b suelo, agua, vegetación, fauna /  |c Antonio J. Prego ... [et al.]. 
260 |a Buenos Aires :   |b Fecic,   |c 1988. 
300 |a 498 p. :  |b il., fot., map., gráf. ;   |c 20 cm. 
336 |2 rdacontent  |a texto  |b txt 
337 |2 rdamedia  |a sin mediación  |b n 
338 |2 rdacarrier  |a volumen  |b nc 
504 |a Incluye referencias bibliográficas. 
505 2 |a Erosión -- Degradación de pastizales y bosques naturales -- Deterioro del la fauna -- El agua, elemento vital para la vida y el desarrollo nacional -- Los problemas hidráulicos en la actividad agropecuaria y sus soluciones -- Inundaciones y anegamientos -- Daños y perjuicios del proceso torrencial -- Deterioro de canales, embalses y vía navegables por erosión y sedimentación -- Daños y perjuicios en las vías férreas -- Deterioro en la red caminera -- Incendios de campos -- La erosión del suelo -- Legislación y acción conservacionistas  
520 0 |a El principal componente de la economía argentina, el sector agropecuario y forestal, descansa sobre la estabilidad de los recursos naturales renovables, ordenados en un equilibrio armónico. Cuando la acción del hombre se traduce en uso irracional y abuso de estos recursos, el equilibrio natural se altera fundamentalmente y se generan procesos evolutivos negativos que culminan en una intensa degradación de la vegetación y el suelo. Este deterioro, simultánea e inevitablemente, ejerce una fuerte presión sobre toda la infraestructura que posibilita el funcionamiento y desarrollo del país. Las grandes lluvias -entre otras causas originan escurrimientos e inundaciones que además de erosionar severamente la tierra, destruyen caminos y vías férreas, anegan poblaciones y llevan sus sedimentos a disminuir la capacidad de represas y vías navegables, provocando ingentes perjuicios a la economía nacional. En estas condiciones, la calidad de la vida humana se deteriora velozmente. Ante la magnitud de este verdadero desastre, es imperativo conocer las dimensiones y consecuencias del proceso degradatorio. Pero esto es posible sólo si se tienen en cuenta, para su evaluación y estudio, todos los componentes del ambiente que actúan en forma integrada y provocan reacciones en múltiples direcciones. Frente a la complejidad del problema, varias instituciones decidieron actuar en forma mancomunada, Provenientes de distintos ámbitos del quehacer nacional, expertos conservacionistas, productores y empresarios, patrocinadores y directivos de entidades priva-das, coincidieron en la impostergable necesidad de aglutinar esfuerzos a fin de conocer las características y dimensiones del daño, documentarlo y sembrar en la conciencia de toda la población la preocupación para llevar a cabo una acción concreta y eficaz. 
650 0 7 |a Tierra agrícola  |2 unescot 
650 0 7 |a Erosión del suelo  |2 unescot 
650 0 7 |a  Deterioro ambiental  |2 unescot 
650 0 7 |a Deforestación  |2 unescot 
650 0 7 |a Evaluación del impacto ambiental  |2 unescot 
651 4 |a Argentina  |9 254 
653 0 0 |a Erosión hídrica 
700 1 |a Ruggiero, Roberto A.  
700 1 |a Conti, Hugo A. 
700 1 |a Panigatti, José Luis 
700 1 |a Irurtia, Carlos B. 
700 1 |a Berón, Ricardo 
700 1 |a Costamagna, Oscar 
700 1 |a Glave, Adolfo 
942 |2 ddc  |c BK  |e 21  |h 333.730982  |i D479  |6 333_730982000000000_D479 
999 |c 16248  |d 16248